Policies and practices of personnel management / (Record no. 38681)

MARC details
000 -LEADER
fixed length control field 01170nam a22002657a 4500
005 - DATE AND TIME OF LATEST TRANSACTION
control field 20100802143330.0
010 ## - LCCN (DPL NO)
LC control number ENG-97811
020 ## - INTERNATIONAL STANDARD BOOK NUMBER
International Standard Book Number 9789380190358
Terms of availability 500.00
035 ## - SYSTEM CONTROL NUMBER
System control number EN-81344
035 ## - SYSTEM CONTROL NUMBER
System control number B-427800
037 ## - SOURCE OF ACQUISITION
Source of stock number/acquisition DBAD/PUB
037 ## - SOURCE OF ACQUISITION
Source of stock number/acquisition Allied/DE2010/CR/2777/16.3.11/280/4.3.11/30.3.11
082 ## - DEWEY DECIMAL CLASSIFICATION NUMBER
Classification number 658.3
100 ## - MAIN ENTRY--PERSONAL NAME
Personal name Bhrigu Nandan Singh
245 ## - TITLE STATEMENT
Title Policies and practices of personnel management /
Statement of responsibility, etc by Bhrigu Nandan singh
260 ## - PUBLICATION, DISTRIBUTION, ETC. (IMPRINT)
Place of publication, distribution, etc New Delhi
Name of publisher, distributor, etc Satyam Publishing House
Date of publication, distribution, etc 2010
270 ## - ADDRESS
Address N-3/25,Mohan Garden Uttam Nagar
City New Delhi
Postal code 110059
300 ## - PHYSICAL DESCRIPTION
Extent 229p
Dimensions 21cm (Hb)
500 ## - GENERAL NOTE
General note inhcludes bibliographical references
650 ## - SUBJECT ADDED ENTRY--TOPICAL TERM
Topical term or geographic name as entry element Human resource management
942 ## - ADDED ENTRY ELEMENTS (KOHA)
Source of classification or shelving scheme Dewey Decimal Classification
Item type English Books
Classification part 658.3
Call number suffix BHR
Holdings
Withdrawn status Lost status Not for loan Collection code Home library Current library Date acquired Source of acquisition Cost, normal purchase price Full call number Barcode Copy number Cost, replacement price Koha item type
      Non-fiction Central Library Central Library 04/08/2011 Allied/DE2010/CR/2777/16.3.11/280/4.3.11/30.3.11 500.00 658.3 BHR B-427800 1 500.00 English Books
    Not For Loan Non-fiction D.B.Act.Division D.B.Act.Division 02/08/2010 DBAD/PUB 500.00 658.3 BHR EN-81344 1 500.00 English Books

© Delhi Public Library
Hit Counter
free hit counter